Methods for the estimation of production of aquatic animals; (Record no. 13925)

000 -LEADER
fixed length control field 00480cam a2200169 4500
020 ## - INTERNATIONAL STANDARD BOOK NUMBER
ISBN 0127583505
040 ## - CATALOGING SOURCE
Transcribing agency DLC
082 00 - DEWEY DECIMAL CLASSIFICATION NUMBER
Classification number 592 ACA 1971 A057 Or.
100 1# - MAIN ENTRY--AUTHOR NAME
Personal name Vinberg, G. G.
245 10 - TITLE STATEMENT
Title Methods for the estimation of production of aquatic animals;
260 ## - PUBLICATION, DISTRIBUTION, ETC. (IMPRINT)
Place of publication London,
-- New York,
Name of publisher Academic Press,
Year of publication 1971.
300 ## - PHYSICAL DESCRIPTION
Number of Pages xii, 175 p.;
Other physical details illus.
Dimensions 24 cm.
650 #0 - SUBJECT ADDED ENTRY--TOPICAL TERM
Topical Term Aquatic animals.
650 #0 - SUBJECT ADDED ENTRY--TOPICAL TERM
Topical Term Biological productivity.
650 #0 - SUBJECT ADDED ENTRY--TOPICAL TERM
Topical Term Animal populations
942 ## - ADDED ENTRY ELEMENTS (KOHA)
Koha item type សៀវភៅភាសាអង់គ្លេស
952 ## - LOCATION AND ITEM INFORMATION (KOHA)
Withdrawn status [LOCAL, KOHA] 0
Holdings
Permanent Location Date acquired Koha item type Lost status Shelving location Barcode Current Location Full call number
Library Block A2017-10-03សៀវភៅភាសាអង់គ្លេស A057A14245Library Block A592 ACA 1971 A057 Or.
មជ្ឈមណ្ឌលឯការនៃសាកលវិទ្យាល័យភូមិន្ទកសិកម្មចំការដូង

Powered by Koha